[Event "Asian-ch Indonesia B1"]
[Site "Cempaka Putih"]
[Date "2018.10.07"]
[Round "2.1"]
[White "Roomifard, Mehdi"]
[Black "Mohammad, Alizadeh Lashkari E"]
[Result "1/2-1/2"]
[WhiteElo "1733"]
[BlackElo "1494"]
[PlyCount "40"]
[EventDate "2018.10.07"]
[EventType "swiss"]
[EventRounds "7"]
[EventCountry "INA"]
[SourceTitle "EXT 2024"]
[Source "ChessBase"]
[SourceDate "2023.10.10"]
[SourceVersion "1"]
[SourceVersionDate "2023.10.10"]
[SourceQuality "1"]

1. d4 d5 2. Nf3 Nf6 3. Bf4 e6 4. e3 c5 5. c3 Nc6 6. Bd3 Bd6 7. Bg3 0-0 8. Nbd2 Qe7 9. Ne5 Nd7 10. Nxd7 Qxd7 11. Bxd6 Qxd6 12. Bxh7+ Kxh7 13. Qh5+ Kg8 14. dxc5 Qxc5 15. Ne4 g6 16. Qg5 Qc4 17. Nf6+ Kg7 18. Nh5+ Kg8 19. Nf6+ Kg7 20. Nh5+ Kg8 1/2-1/2